| 000 | 00440nam a2200133 i 4500 | ||
|---|---|---|---|
| 001 | bg | ||
| 245 | 2 |
_aI Ogólnopolska konferencja naukowa na temat Kompleksowe i szczegółowe problemy inżynierii środowiska : _bzbiór referatów. |
|
| 246 | _aKompleksowe i szczegółowe problemy inżynierii środowiska | ||
| 260 |
_aCzęstochowa, _c1985. |
||
| 040 | _cBPK | ||
| 041 | _apol | ||
| 942 | _cKS | ||
| 008 | s pl f |000 0 pol | ||
| 999 |
_c28581 _d28581 |
||
| 856 |
_uhttp://koha.tu.koszalin.pl/cgi-bin/koha/opac-detail.pl?biblionumber=28581 _yKatalog online BPK |
||